World Capital or Medication? — Click Quiz - Statistics

General Stats
  • This quiz has been taken 249 times
  • The average score is 26 of 32
Answer Stats
Hint Answer % Correct
Diazepam Medication
96%
Nystatin Medication
94%
Warfarin Medication
93%
Pindolol Medication
91%
Ashgabat World Capital
90%
Baclofen Medication
90%
Vutrisiran Medication
88%
Banjul World Capital
87%
Podgorica World Capital
87%
Basseterre World Capital
85%
Tegucigalpa World Capital
85%
Pristina World Capital
84%
Candesartan Medication
83%
Nouakchott World Capital
82%
Carbidopa Medication
82%
Tibolone Medication
81%
Paramaribo World Capital
80%
Majuro World Capital
79%
Antananarivo World Capital
78%
Gaborone World Capital
77%
Vientiane World Capital
77%
Aliskiren Medication
77%
Ezetimibe Medication
75%
Maribavir Medication
75%
Ustekinumab Medication
74%
Ngerulmud World Capital
73%
Gitega World Capital
72%
Vadadustat Medication
72%
Montelukast Medication
71%
Palikir World Capital
69%
Anakinra Medication
69%
Belmopan World Capital
60%
No matching quizzes found
Score Distribution
Percent of People with Each Score
Percentile by Number Answered
Your Score History
You have not taken this quiz